| 000 | 00495cam a2200205ua 4500 | ||
|---|---|---|---|
| 001 | 8261 | ||
| 008 | 150113n ii |||gr||||Z||||||eng | ||
| 020 | _a0416475000 | ||
| 040 | _cMAIN | ||
| 041 | _aeng | ||
| 082 | _a822.33 | ||
| 100 |
_aBrown, J. R., _eEditor. |
||
| 245 | 1 |
_aThe merchant of Venice _cEdited by John Russell Brown |
|
| 250 | _a1st. | ||
| 260 |
_aLondon: _bRoutledge, _c1985. |
||
| 300 | _alviii,174p. | ||
| 653 | _aEnglish drama | ||
| 653 | _aShakespeare drama | ||
| 942 | _cBK | ||
| 999 |
_c7376 _d7376 |
||